000 00703cam a22002172 4500
001 0000023539
005 20151217152243.0
008 130228s xx 000 0 eng d
020 _a0335219330 :
040 _aKABU
_cKABU
100 1 _aMurray, Rowena.
_@0000183083
245 1 4 _aThe Handbook of academic writing :
_ba fresh approach /
_cRowena Murray and Sarah Moore.
250 _a1st ed.
260 _aMaidenhead, England :
_bOpen University,
_c2006.
300 _axiv, 196 p.
650 0 _aAcademic writing
_vHandbooks, manuals etc.
_@0000153642
700 1 _aMoore, Sarah.
_@0000183084
852 1 _9p2650 KES
908 _a130228
950 _@1
999 _c9853
_d9853